Language Quiz

Random Language or Letter Quiz

'T' Vocabulary (Medium) Quiz Stats

 Plays Quiz Updated Dec 4, 2016

Challenge
Share
Tweet
Embed
Score 0/25 Timer 06:00
1 Play Today
% Correct
trespass
96.1%
tangerine
95.3%
tranquil
95.1%
tariff
94.7%
turquoise
94.7%
trench
94.5%
tattletale
94.3%
tycoon
93.1%
tidbit
92.3%
timber
92.1%
thwart
91.8%
tapioca
91.4%
transcribe
91.3%
% Correct
translate
91%
taboo
90.8%
tenacious
89.7%
torrential
89.6%
trebuchet
89.4%
tentative
88.5%
tine
88.3%
talisman
88%
tahini
87.7%
tuft
87.6%
treacherous
86.5%
timbre
83.7%

You're not logged in!

Compare scores with friends on all Sporcle quizzes.
OR
Log In

You Might Also Like...

Show Comments

Extras

Top Quizzes Today


Score Distribution

Your Account Isn't Verified!

In order to create a playlist on Sporcle, you need to verify the email address you used during registration. Go to your Sporcle Settings to finish the process.

Report this User

Report this user for behavior that violates our Community Guidelines.

Details: